[Event "zonal 2.3 (w)"]
[Site "Valencia VEN"]
[Date "2000.08.??"]
[Round "1"]
[White "Sanchez Castillo, Sarai"]
[Black "Fierro Baquero, Martha"]
[Result "1/2-1/2"]
[WhiteElo "2093"]
[BlackElo "2339"]
[EventDate "2000.08.23"]
[PlyCount "96"]

1.e4 d5 2.exd5 Qxd5 3.Nf3 Bg4 4.Be2 Nc6 5.O-O O-O-O 6.h3 Bxf3 7.Bxf3 Qd7 
8.c3 e5 9.Qa4 Kb8 10.Bxc6 Qxc6 11.Qxc6 bxc6 12.Re1 f6 13.d4 exd4 14.cxd4 
Rxd4 15.Re8+ Kb7 16.Rxf8 Rd1+ 17.Kh2 Rxc1 18.b4 c5 19.bxc5 Kc6 20.Rd8 Rf1 
21.g3 Kxc5 22.Kg2 Re1 23.Nd2 Rxa1 24.Nb3+ Kb4 25.Nxa1 Ka3 26.Rb8 h5 27.
Nc2+ Kxa2 28.Kf3 f5 29.Ke2 h4 30.Kd2 Rh6 31.Kc1 Rb6 32.Rxg8 hxg3 33.fxg3 
Rb1+ 34.Kd2 Rh1 35.Ra8 Rxh3 36.Rxa7+ Kb2 37.Rb7+ Ka2 38.Kc1 Rh1+ 39.Kd2 
Rg1 40.Nb4+ Kb3 41.Nd3+ Ka4 42.Nc5+ Ka5 43.Rb3 g5 44.Ne6 f4 45.gxf4 Rg2+ 
46.Kc1 gxf4 47.Nxf4 Rh2 48.Nd3 c6 1/2-1/2

[Event "zonal 2.3 (w)"]
[Site "Valencia VEN"]
[Date "2000.08.??"]
[Round "2"]
[White "Fierro Baquero, Martha"]
[Black "Guerrero Rodriguez, Alejandra"]
[Result "1-0"]
[WhiteElo "2339"]
[BlackElo "2171"]
[EventDate "2000.08.23"]
[PlyCount "79"]

1.d4 d5 2.Nf3 Nf6 3.Bf4 c5 4.c3 e6 5.e3 Nc6 6.Nbd2 Be7 7.Bd3 c4 8.Bb1 b5 
9.a3 Bb7 10.e4 dxe4 11.Nxe4 Nd5 12.Bg5 f6 13.Bd2 Qc7 14.O-O g5 15.Nfxg5 
fxg5 16.Qh5+ Kd7 17.Qf7 Raf8 18.Nc5+ Kc8 19.Qxe6+ Kb8 20.Qxd5 Rd8 21.Qf5 
Nxd4 22.cxd4 Bxc5 23.Ba5 Qc6 24.Be4 Qxe4 25.Qxe4 Bxe4 26.dxc5 Rd5 27.Rfe1 
Bd3 28.Bc3 Rf8 29.Be5+ Kb7 30.Bd6 Rf7 31.Re8 Rdf5 32.f3 h5 33.a4 bxa4 34.
Rxa4 Kc6 35.Rc8+ Kb7 36.Rh8 h4 37.h3 Kc6 38.Rh6 Kb5 39.Ra1 Rd5 40.Rd1 1-0

[Event "zonal 2.3 (w)"]
[Site "Valencia VEN"]
[Date "2000.08.??"]
[Round "2"]
[White "Sanchez Castillo, Sarai"]
[Black "Martinez Porras, Ingrid Lorena"]
[Result "1/2-1/2"]
[WhiteElo "2093"]
[BlackElo "2104"]
[EventDate "2000.08.23"]
[PlyCount "163"]

1.e4 e6 2.d4 d5 3.exd5 exd5 4.Bd3 Nc6 5.c3 Bd6 6.Qf3 Be6 7.Bf4 Nge7 8.Bxd6
Qxd6 9.Ne2 O-O-O 10.Na3 Rde8 11.O-O-O Kb8 12.Ng3 Ng6 13.Nh5 Rhg8 14.Nc2 
Nce7 15.Ne3 c6 16.Qg3 Qxg3 17.hxg3 f5 18.Rde1 Kc7 19.Nf4 Nxf4 20.gxf4 h6 
21.Nf1 Nc8 22.Ng3 Nd6 23.f3 Bd7 24.Re5 Ref8 25.Re7 Kd8 26.Rhe1 Ne4 27.fxe4
Kxe7 28.exd5+ Kd6 29.dxc6 bxc6 30.Re5 g6 31.Ra5 Ra8 32.Kd2 Rge8 33.Nf1 Kc7
34.Ne3 Be6 35.b3 Kb6 36.Ra6+ Kb7 37.Ra5 Kb6 38.b4 Rad8 39.Bc4 Bg8 40.Bxg8 
Rxg8 41.Rc5 Rge8 42.Nc4+ Kc7 43.b5 Re6 44.Ne5 Rd5 45.Rxc6+ Rxc6 46.bxc6 
Ra5 47.c4 Rxa2+ 48.Kd3 Ra3+ 49.Kc2 Ra2+ 50.Kc3 Rxg2 51.d5 g5 52.c5 gxf4 
53.d6+ Kc8 54.Kc4 h5 55.c7 Rg7 56.c6 h4 57.Kd5 h3 58.Nf3 a5 59.Kc5 a4 60.
Kb6 h2 61.Nxh2 Rxc7 62.Nf3 a3 63.Ne5 a2 64.d7+ Rxd7 65.cxd7+ Kd8 66.Kc6 
a1=Q 67.Nf7+ Ke7 68.d8=Q+ Kxf7 69.Qc7+ Kf6 70.Qxf4 Qa6+ 71.Kc5 Qa3+ 72.Kc6
Qc3+ 73.Kd7 Qd3+ 74.Kc7 Qc3+ 75.Kd7 Kg6 76.Ke6 Qc6+ 77.Ke7 Qf6+ 78.Kd7 Qg5
79.Qe5 Kh5 80.Qh2+ Kg4 81.Qg2+ Kf4 82.Qd2+ 1/2-1/2

[Event "zonal 2.3 (w)"]
[Site "Valencia VEN"]
[Date "2000.08.??"]
[Round "3"]
[White "Arribas Robaina, Maritza"]
[Black "Sanchez Castillo, Sarai"]
[Result "1-0"]
[WhiteElo "2300"]
[BlackElo "2093"]
[EventDate "2000.08.23"]
[PlyCount "53"]

1.e4 e6 2.d4 d5 3.e5 c5 4.c3 Nc6 5.Nf3 Bd7 6.Be2 f6 7.exf6 Nxf6 8.Ne5 cxd4
9.Nxc6 bxc6 10.Qxd4 Bd6 11.Bf4 c5 12.Qe3 Bxf4 13.Qxf4 O-O 14.O-O Ne4 15.
Qe3 Bc6 16.f3 d4 17.Qd3 Nf6 18.Nd2 e5 19.Qc4+ Qd5 20.Nb3 Nd7 21.Rac1 Rac8 
22.Na5 Kh8 23.cxd4 Qxc4 24.Bxc4 cxd4 25.Ba6 Nb8 26.Bxc8 Rxc8 27.Rfe1 1-0

[Event "zonal 2.3 (w)"]
[Site "Valencia VEN"]
[Date "2000.08.??"]
[Round "3"]
[White "Guerrero Rodriguez, Alejandra"]
[Black "Martinez Perdomo, Aleidi Josefina"]
[Result "0-1"]
[WhiteElo "2171"]
[BlackElo "2181"]
[EventDate "2000.08.23"]
[PlyCount "80"]

1.e4 c5 2.c3 d5 3.exd5 Qxd5 4.d4 cxd4 5.Nf3 Bg4 6.Be2 Nf6 7.cxd4 e6 8.O-O 
Be7 9.Nc3 Qd8 10.Qa4+ Nbd7 11.d5 exd5 12.Nxd5 O-O 13.Rd1 Nxd5 14.Qxg4 N7f6
15.Qf5 Qb6 16.Rxd5 Nxd5 17.Qxd5 Bc5 18.Qb3 Bxf2+ 19.Kf1 Rac8 20.Qxb6 Bxb6 
21.Bd2 a6 22.Bc3 Rfe8 23.Rd1 Rc7 24.Nd4 g6 25.Bf3 Bc5 26.Nb3 Bf8 27.Rd5 
Bg7 28.Nd4 Rce7 29.a4 Rc7 30.Kf2 Rce7 31.Bb4 Rc7 32.Bc5 Rxc5 33.Rd7 Bxd4+ 
34.Rxd4 Rc2+ 35.Kg3 Rxb2 36.Rd7 Re3 37.Kf4 Ra3 38.Bd5 Rxa4+ 39.Kg5 Rf2 40.
Rxb7 Rf5+ 0-1

[Event "zonal 2.3 (w)"]
[Site "Valencia VEN"]
[Date "2000.08.??"]
[Round "4"]
[White "Mazariegos Kummerfeldt, Silvia Carolina"]
[Black "Guerrero Rodriguez, Alejandra"]
[Result "0-1"]
[WhiteElo "2034"]
[BlackElo "2171"]
[EventDate "2000.08.23"]
[PlyCount "58"]

1.d4 Nf6 2.e3 d5 3.Bd3 e6 4.Nd2 c5 5.c3 Nc6 6.f4 Bd6 7.Qf3 Qc7 8.Nh3 b6 9.
O-O Bb7 10.g4 h5 11.g5 Ng4 12.g6 f6 13.Qe2 O-O-O 14.Nf3 Kb8 15.Qc2 Ne7 16.
Nh4 e5 17.dxe5 fxe5 18.Ng5 d4 19.cxd4 exd4 20.e4 Nc6 21.Nf7 Nb4 22.Qe2 
Nxd3 23.Qxd3 c4 24.Qf3 Bc5 25.Re1 d3+ 26.Kg2 d2 27.Rd1 Ne3+ 28.Kh3 Nxd1 
29.Nxh8 Nf2+ 0-1

[Event "zonal 2.3 (w)"]
[Site "Valencia VEN"]
[Date "2000.08.??"]
[Round "4"]
[White "Sanchez Castillo, Sarai"]
[Black "Ramon Pita, Vivian"]
[Result "0-1"]
[WhiteElo "2093"]
[BlackElo "2294"]
[EventDate "2000.08.23"]
[PlyCount "88"]

1.e4 e5 2.d4 exd4 3.Qxd4 Nc6 4.Qe3 Nf6 5.Bd2 Bb4 6.Nc3 O-O 7.O-O-O Re8 8.
Qg3 Rxe4 9.a3 Rg4 10.Qh3 Bxc3 11.Bxc3 d6 12.f3 Rd4 13.Qg3 Rxd1+ 14.Kxd1 d5
15.Bd3 Nh5 16.Qf2 d4 17.Bd2 Ne5 18.Qe2 Nxd3 19.Qxd3 Be6 20.Ne2 c5 21.g4 
Nf6 22.Bg5 Nxg4 23.Bxd8 Nf2+ 24.Kd2 Nxd3 25.Be7 Re8 26.cxd3 Rxe7 27.Rc1 b6
28.b4 cxb4 29.axb4 g6 30.Nxd4 Bd5 31.f4 Kg7 32.f5 Rd7 33.fxg6 hxg6 34.Ke3 
f5 35.Nb5 a6 36.Nd4 Kf6 37.Rf1 Rh7 38.Rf2 Rh3+ 39.Kd2 Ke5 40.Ne2 Rf3 41.
d4+ Kd6 42.Rg2 Rd3+ 43.Kxd3 Bxg2 44.h4 Bf1 0-1

[Event "zonal 2.3 (w)"]
[Site "Valencia VEN"]
[Date "2000.08.??"]
[Round "5"]
[White "Blanco Acevedo, Maria Carolina"]
[Black "Sanchez Castillo, Sarai"]
[Result "1/2-1/2"]
[WhiteElo "2030"]
[BlackElo "2093"]
[EventDate "2000.08.23"]
[PlyCount "100"]

1.e4 e6 2.d4 d5 3.Nc3 Bb4 4.e5 c5 5.Nf3 Nc6 6.a3 Bxc3+ 7.bxc3 Bd7 8.Be2 
Qa5 9.Bd2 c4 10.O-O f6 11.exf6 Nxf6 12.Nh4 O-O-O 13.f3 e5 14.dxe5 Qc5+ 15.
Kh1 Nxe5 16.g3 Bh3 17.Ng2 Rhe8 18.Be1 Qe7 19.Rf2 g5 20.Bd2 h6 21.a4 d4 22.
cxd4 Rxd4 23.Qe1 Bxg2+ 24.Kxg2 Nd5 25.Qc1 c3 26.Be3 Nd3 27.Bxd3 Nxe3+ 28.
Kg1 Qc5 29.Qa3 Rb4 30.Re1 Kc7 31.Qa1 Rb2 32.Qc1 Re7 33.Kh1 Nd5 34.Rfe2 
Rxe2 35.Rxe2 Qb4 36.Re1 Qxa4 37.Be4 Nf6 38.Bf5 Nd5 39.Qd1 Rb5 40.Qe2 Rc5 
41.Qe5+ Kb6 42.Rb1+ Ka5 43.Be4 Qc6 44.Qb8 a6 45.Rxb7 Qe6 46.Rb1 Nb6 47.
Ra1+ Na4 48.Qd8+ Kb4 49.Bd3 Qd5 50.Qb8+ Ka5 1/2-1/2

[Event "zonal 2.3 (w)"]
[Site "Valencia VEN"]
[Date "2000.08.??"]
[Round "6"]
[White "Sanchez Castillo, Sarai"]
[Black "Guerrero Rodriguez, Alejandra"]
[Result "1/2-1/2"]
[WhiteElo "2093"]
[BlackElo "2171"]
[EventDate "2000.08.23"]
[PlyCount "65"]

1.e4 e5 2.d4 exd4 3.Qxd4 Nc6 4.Qe3 Nf6 5.Bd2 Be7 6.Nc3 d5 7.exd5 Nxd5 8.
Qg3 Ncb4 9.O-O-O Nxc3 10.bxc3 Nxa2+ 11.Kb2 Be6 12.Nf3 Bf6 13.Ng5 Nxc3 14.
Bxc3 Bxc3+ 15.Kxc3 Qf6+ 16.Kd2 O-O-O+ 17.Bd3 Bc4 18.Qg4+ Kb8 19.Qxc4 Qxg5+
20.Kc3 Qf6+ 21.Kb3 Rd4 22.Qc5 Rhd8 23.Be2 b6 24.Qb5 a5 25.Rxd4 Rxd4 26.Bc4
Ka7 27.Re1 Rd8 28.f3 Qd6 29.Re3 Qd1 30.Qa6+ Kb8 31.Rd3 Qb1+ 32.Ka3 Qc1+ 
33.Kb3 1/2-1/2

[Event "zonal 2.3 (w)"]
[Site "Valencia VEN"]
[Date "2000.08.??"]
[Round "7"]
[White "Guerrero Rodriguez, Alejandra"]
[Black "Martinez Porras, Ingrid Lorena"]
[Result "1-0"]
[WhiteElo "2171"]
[BlackElo "2104"]
[EventDate "2000.08.23"]
[PlyCount "51"]

1.e4 e6 2.d4 d5 3.Nd2 Nf6 4.e5 Nfd7 5.Bd3 c5 6.c3 Nc6 7.Ne2 f6 8.Nf4 Qe7 
9.Qh5+ Qf7 10.Qxf7+ Kxf7 11.exf6 cxd4 12.Nf3 gxf6 13.cxd4 Nb6 14.Be3 Nb4 
15.Bb1 Bd7 16.a3 Nc6 17.O-O Na5 18.b4 Nac4 19.Bd3 Rc8 20.Nd2 Bd6 21.Nb3 e5
22.dxe5 fxe5 23.Ne2 Nb2 24.Nec1 Nxd3 25.Nxd3 Bb5 26.Rfd1 1-0

[Event "zonal 2.3 (w)"]
[Site "Valencia VEN"]
[Date "2000.08.??"]
[Round "7"]
[White "Martinez Perdomo, Aleidi Josefina"]
[Black "Sanchez Castillo, Sarai"]
[Result "1-0"]
[WhiteElo "2181"]
[BlackElo "2093"]
[EventDate "2000.08.23"]
[PlyCount "107"]

1.d4 c5 2.c3 e6 3.e3 Nf6 4.Bd3 d5 5.Nf3 Bd6 6.Nbd2 Nc6 7.O-O O-O 8.Re1 e5 
9.dxe5 Nxe5 10.Nxe5 Bxe5 11.h3 Bd7 12.e4 Bc6 13.Nf3 Bxc3 14.e5 Bxe1 15.
exf6 Bxf2+ 16.Kxf2 Qxf6 17.Qc2 h6 18.Qxc5 a6 19.Qd4 Qxd4+ 20.Nxd4 Rac8 21.
Bd2 Bd7 22.Bc3 Rfe8 23.Rd1 Be6 24.a3 Bd7 25.Rd2 Be6 26.Ne2 Bd7 27.Nf4 Bc6 
28.Be2 g6 29.Bf3 Rcd8 30.Nxd5 Bxd5 31.Bxd5 Rd7 32.Bf3 Rxd2+ 33.Bxd2 g5 34.
Bb4 b6 35.Bc3 Re7 36.Kg3 Kh7 37.Bb4 Rd7 38.Kg4 Kg7 39.Bc3+ f6 40.Kf5 Rd6 
41.Bb4 Rd4 42.Ke6 Kg6 43.Bc3 Rf4 44.Bd2 Rc4 45.Bd5 Rc8 46.Be4+ Kg7 47.Bc3 
Re8+ 48.Kf5 Rf8 49.g4 b5 50.Bd5 a5 51.Bxa5 b4 52.Bxb4 Rd8 53.Ke6 Rb8 54.
Bc3 1-0

[Event "zonal 2.3 (w)"]
[Site "Valencia VEN"]
[Date "2000.08.??"]
[Round "8"]
[White "Arribas Robaina, Maritza"]
[Black "Guerrero Rodriguez, Alejandra"]
[Result "1-0"]
[WhiteElo "2300"]
[BlackElo "2171"]
[EventDate "2000.08.23"]
[PlyCount "73"]

1.e4 e5 2.Nf3 Nc6 3.Bb5 a6 4.Ba4 Nf6 5.d3 d6 6.c3 Be7 7.Nbd2 O-O 8.Nf1 b5 
9.Bc2 d5 10.Qe2 d4 11.Ng3 g6 12.Bb3 Nd7 13.Bd5 Bb7 14.Bxc6 Bxc6 15.cxd4 
exd4 16.Nxd4 Bb7 17.Nb3 Ne5 18.d4 Bb4+ 19.Bd2 Bxd2+ 20.Qxd2 Nc4 21.Qc2 f5 
22.Nc5 Bc8 23.Rd1 fxe4 24.Ngxe4 Bg4 25.Rd3 Qd5 26.O-O Rae8 27.b3 Nd6 28.
Nxd6 cxd6 29.Qd2 Bd7 30.Re1 Bc6 31.f3 Rxe1+ 32.Qxe1 Re8 33.Qd2 Re7 34.Ne4 
Kg7 35.Qf4 Re6 36.Nc3 Qh5 37.d5 1-0

[Event "zonal 2.3 (w)"]
[Site "Valencia VEN"]
[Date "2000.08.??"]
[Round "8"]
[White "Sanchez Castillo, Sarai"]
[Black "Mazariegos Kummerfeldt, Silvia Carolina"]
[Result "0-1"]
[WhiteElo "2093"]
[BlackElo "2034"]
[EventDate "2000.08.23"]
[PlyCount "93"]

1.e4 e5 2.Bc4 d6 3.Nf3 c6 4.d4 Nd7 5.O-O Be7 6.Nc3 h6 7.Bb3 Ngf6 8.Nh4 O-O
9.Nf5 exd4 10.Qxd4 Nc5 11.Nxe7+ Qxe7 12.f3 Ne6 13.Qf2 b6 14.Nd1 Kh7 15.c3 
Qc7 16.Bc2 g6 17.Qh4 Ng8 18.Ne3 Qd8 19.Qg3 Qe7 20.f4 Nc5 21.e5 dxe5 22.
fxe5 Be6 23.h4 h5 24.Nd1 Nd7 25.b4 Bc4 26.Re1 Qe6 27.Nf2 f5 28.Nh3 Kh8 29.
Nf4 Qe8 30.Nxg6+ Kh7 31.Nxf8+ Qxf8 32.Qg5 Be6 33.Qxh5+ Kg7 34.Qg5+ Kh7 35.
Rf1 Nh6 36.Qxh6+ Qxh6 37.Bxh6 Kxh6 38.Bxf5 Bxf5 39.Rxf5 Re8 40.Re1 Re6 41.
Rf7 Nxe5 42.Rff1 Kg7 43.Re3 a5 44.h5 axb4 45.cxb4 c5 46.h6+ Kxh6 47.Rfe1 
0-1

[Event "zonal 2.3 (w)"]
[Site "Valencia VEN"]
[Date "2000.08.??"]
[Round "9"]
[White "Guerrero Rodriguez, Alejandra"]
[Black "Ramon Pita, Vivian"]
[Result "0-1"]
[WhiteElo "2171"]
[BlackElo "2294"]
[EventDate "2000.08.23"]
[PlyCount "128"]

1.e4 e5 2.Nf3 Nc6 3.d4 exd4 4.Nxd4 Nf6 5.Nc3 Bb4 6.Nxc6 bxc6 7.Bc4 Bxc3+ 
8.bxc3 Nxe4 9.Qg4 O-O 10.O-O d5 11.Qf3 Qf6 12.Qxf6 Nxf6 13.Bd3 Ne8 14.Ba3 
Nd6 15.Rab1 Be6 16.Bc5 Rfb8 17.Rfe1 Nb5 18.Rb3 Nd6 19.Reb1 Rxb3 20.Rxb3 g6
21.f3 Bc8 22.Kf2 Nb7 23.Be7 Nd6 24.Bd8 Ne8 25.Ke3 Be6 26.Be7 d4+ 27.Kxd4 
Bxb3 28.cxb3 Nd6 29.Kc5 Re8 30.Bf6 Re6 31.Bd4 Nb7+ 32.Kc4 a6 33.Bf2 Kf8 
34.Bg3 Ke7 35.Bxc7 Kd7 36.Bg3 f5 37.b4 a5 38.a4 Rf6 39.Kb3 f4 40.Bf2 Kc7 
41.Bc4 Rf5 42.h4 Nd6 43.Bg8 axb4 44.cxb4 Re5 45.a5 Re2 46.Bb6+ Kb7 47.Bc5 
Nb5 48.Ka4 Rxg2 49.Be6 Nc7 50.Bc4 Rh2 51.Bd6 Rxh4 52.Bd3 g5 53.Be7 h6 54.
Be4 Rh1 55.Kb3 Re1 56.Kc2 Rg1 57.Kd3 h5 58.Kd4 h4 59.Kc5 Rc1+ 60.Kd6 h3 
61.Kd7 h2 62.Bc5 Rd1+ 63.Bd6 Nb5 64.Bxc6+ Ka6 0-1